Hope in Despair: (Record no. 171702)

MARC details
000 -LEADER
fixed length control field 00541nam a22001817a 4500
005 - DATE AND TIME OF LATEST TRANSACTION
control field 20201116161802.0
010 ## - LCCN (DPL NO)
LC control number ENG-127498
020 ## - INTERNATIONAL STANDARD BOOK NUMBER
International Standard Book Number 9789386473721
Terms of availability 450.00
035 ## - SYSTEM CONTROL NUMBER
System control number EN-111030
037 ## - SOURCE OF ACQUISITION
Source of stock number/acquisition DBAD/PUB
082 ## - DEWEY DECIMAL CLASSIFICATION NUMBER
Classification number 954.11
100 ## - MAIN ENTRY--PERSONAL NAME
Personal name Nehru,Sunanda Ganju
245 ## - TITLE STATEMENT
Title Hope in Despair:
Remainder of title stories of courage in Kashmir/
Statement of responsibility, etc Sunanda Nehru Ganju
260 ## - PUBLICATION, DISTRIBUTION, ETC. (IMPRINT)
Place of publication, distribution, etc New Delhi
Name of publisher, distributor, etc Vitasta
Date of publication, distribution, etc 2019
270 ## - ADDRESS
Address 2/15,Ansari Road,Daryaganj
Postal code 110002
City New Delhi
300 ## - PHYSICAL DESCRIPTION
Extent 172p.
Dimensions 22cm(pbk)
942 ## - ADDED ENTRY ELEMENTS (KOHA)
Source of classification or shelving scheme Dewey Decimal Classification
Item type English Books
Classification part 954.11
Call number suffix SUN
Holdings
Withdrawn status Lost status Not for loan Collection code Home library Current library Date acquired Source of acquisition Cost, normal purchase price Full call number Barcode Copy number Cost, replacement price Koha item type
      Non-fiction Sarojini Nagar Sarojini Nagar 17/01/2020 DBAD/PUB 450.00 954.11 SUN EN-111030 1 450.00 English Books

© Delhi Public Library
Hit Counter
free hit counter